000 00542nam a2200193 a 4500
005 20160405144108.0
008 001218s19uu xx 00 eng d
020 _a0-689-86896-0
050 _aER
_bCh461
100 _aPass, Erica
245 _aChristmas everyday/
_cErica Pass ; illustrated by Zina Saunders
260 _aNew York :
_bSimon & Schuster,
_c2004
300 _a1 v. (unp.) ; ill.
648 _xChristmas-fiction.
650 _aChristmas stories
650 _aChristmas tree -- Fiction
942 _2ddc
999 _c102614
_d102614